000 02193 a2200241 4500
001 32163
005 20260407155622.0
008 260407a2015 arg spa d
003 AR-UNSa-BCEJYS
040 _aAR-UNSa-BCEJYS
_bspa
_cAR-UNSa-BCEJYS
080 _a347.965
_xAbogados. La abogacía (prácticas profesionales)
245 1 0 _aPrácticas profesionales sobre casos reales 2014
_pAnuario del Patrocinio Jurídico gratuito de la Facultad de Derecho UBA
020 _a978-987-3810-20-6
264 1 _aBuenos Aires :
_bUniversidad de Buenos Aires. Facultad de Derecho. Departamento de Publicaciones
_c2015
300 _a331 p.
_c23 cm.
505 _a1. Presentación / Mónica Pinto - 2. La creación del Patrocinio Jurídico en la Facultad de Derecho / Oscar Zoppi - 3. Departamento de Práctica Profesional: su estructura y funcionamiento / Virginia Badino - 4. Cómo hacemos lo que hacemos / Andrea Mercedes Pérez - 5. Casos de Derecho administrativo / Emilio Corsiglia - 6. Casos de acciones de amparo / Christian Alberto Cao - 7. Casos de Derecho civil / Gustavo Saa - 8. Casos de cuestiones técnico-procesales / Diana Graciela Saiz - 9. Casos de defensa de los derechos del consumidor y usuario / Marta Spessot - 10. Casos sobre la exigibilidad de los derechos económicos, sociales, culturales y ambientales / Alejandro Rondanini - 11. Casos de Derecho laboral / Ricardo Sánchez Peña - 12. Casos de Derecho penal / Javier Azzali - 13. Casos de Derechos de niños, niñas y adolescentes en el ámbito civil y penal / Martiniano Terragni - 14. Casos de violencia familiar y de género / Elsa Zothner - 15. Casos de Derecho de familia /Gustavo Calvinho - 16. Mediación / María Cristina Klein - 17. El servicio social y de psicología del Departamento de Práctica Profesional de la Facultad de Derecho UBA / Mariana Riudavets.
041 _aspa
942 _cBK
590 _aniveau_biblio:m niveau_hierar:0
100 1 _aZoppi, Oscar M.
700 1 _aUniversidad de Buenos Aires. Facultad de Derecho. Secretaría de Extensión Universitaria y Bienestar Estudiantil
856 4 1 _uhttps://biblioeco.unsa.edu.ar/pmb/images/libros/practicas_uba.jpg
_yImagen de portada
_qimage/jpeg
999 _c2262
_d2262